[Event "Titled Tuesday intern op 16th Apr Early"]
[Site "Chess.com INT"]
[Date "2024.04.16"]
[Round "8"]
[White "Daaevik, Wadhawan"]
[Black "Della Morte, German"]
[Result "1/2-1/2"]
[WhiteElo "2363"]
[BlackElo "2322"]
[PlyCount "246"]
[EventDate "2024.04.16"]
[EventType "swiss (blitz)"]
[EventRounds "11"]
[EventCountry "USA"]
[SourceTitle "CB17_2024"]
[SourceDate "2024.04.24"]
[SourceVersion "1"]
[SourceVersionDate "2024.04.24"]
[SourceQuality "1"]

1. d4 d5 2. c4 e6 3. Nf3 c6 4. e3 Nf6 5. Nc3 Be7 6. Qc2 0-0 7. e4 dxe4 8. Nxe4 Nbd7 9. Bd3 b6 10. 0-0 Bb7 11. Ne5 h6 12. Be3 c5 13. Nxd7 Qxd7 14. dxc5 Nxe4 15. Bxe4 Bxe4 16. Qxe4 bxc5 17. Rfd1 Qc7 18. Bf4 Qb6 19. b3 Bf6 20. Be5 Bxe5 21. Qxe5 Rfd8 22. g3 a5 23. h4 Rac8 24. Kh2 Qb4 25. Qe3 a4 26. bxa4 Qxc4 27. Rxd8+ Rxd8 28. a5 Rd3 29. Rc1 Qd4 30. Qxd4 cxd4 31. Rc4 e5 32. Ra4 Rc3 33. a6 Rc8 34. a7 Ra8 35. Kg2 Kf8 36. Kf3 f6 37. Ke4 Ke7 38. f4 exf4 39. gxf4 Ke6 40. Ra6+ Kd7 41. Kxd4 Kc7 42. Ke4 Kb7 43. Ra5 Re8+ 44. Kf5 Ka8 45. Kg6 Re7 46. h5 Rd7 47. f5 Rc7 48. Kh7 Rd7 49. Kg8 Rc7 50. Kf8 Rd7 51. Ke8 Rc7 52. Rd5 Rc2 53. Kf7 Rg2 54. Rd7 Rg5 55. Ke6 Rg1 56. Rf7 Re1+ 57. Kd6 Rg1 58. Re7 Rf1 59. Kc7 Kxa7 60. Rxg7 Rxf5 61. Rg4 Ka6 62. Kd6 Rxh5 63. Ke6 f5 64. Rf4 Rh2 65. Kxf5 Kb5 66. Kg6 h5 67. a4+ Ka6 68. Rf5 h4 69. Kg5 Rh1 70. Kg4 h3 71. Kg3 Kb6 72. Rh5 Ra1 73. Rxh3 Rxa4 74. Rh6+ Kc5 75. Rh5+ Kd6 76. Rh4 Ra1 77. Rf4 Ke5 78. Rf8 Rg1+ 79. Kf2 Rg7 80. Re8+ Kd6 81. Re1 Rf7+ 82. Kg3 Kd5 83. Rd1+ Ke4 84. Re1+ Kd3 85. Kg4 Kd2 86. Re6 Rg7+ 87. Kf5 Rg1 88. Rd6+ Ke3 89. Re6+ Kf3 90. Ra6 Ke3 91. Ke5 Rg5+ 92. Kf6 Rh5 93. Ra3+ Kd4 94. Ra4+ Kc3 95. Kg6 Rb5 96. Rf4 Kd3 97. Rf5 Rb8 98. Rf6 Ke4 99. Kf7 Ke5 100. Re6+ Kf5 101. Rf6+ Kg5 102. Rg6+ Kh5 103. Rc6 Rb7+ 104. Ke6 Rb1 105. Rc5+ Kg6 106. Kd6 Kf6 107. Kc6 Ke6 108. Rc2 Re1 109. Kc7 Ke7 110. Kc6 Re6+ 111. Kc7 Re4 112. Rc3 Ra4 113. Re3+ Kf6 114. Kd6 Rd4+ 115. Kc5 Rd1 116. Rf3+ Ke5 117. Re3+ Kf4 118. Re8 Rc1+ 119. Kd6 Rd1+ 120. Kc5 Rc1+ 121. Kd5 Ra1 122. Rf8+ Kg5 123. Re8 Kf6 1/2-1/2

[Event "Titled Tuesday intern op 16th Apr Early"]
[Site "Chess.com INT"]
[Date "2024.04.16"]
[Round "5"]
[White "Enkhrii, Enkh Amgalan"]
[Black "Della Morte, German"]
[Result "0-1"]
[WhiteElo "1942"]
[BlackElo "2322"]
[PlyCount "58"]
[EventDate "2024.04.16"]
[EventType "swiss (blitz)"]
[EventRounds "11"]
[EventCountry "USA"]
[SourceTitle "CB17_2024"]
[SourceDate "2024.04.24"]
[SourceVersion "1"]
[SourceVersionDate "2024.04.24"]
[SourceQuality "1"]

1. e4 c6 2. d4 d5 3. Nc3 dxe4 4. Nxe4 Nf6 5. Nxf6+ exf6 6. Nf3 Bd6 7. Be2 0-0 8. c3 Bg4 9. 0-0 Re8 10. Be3 Nd7 11. Nh4 Bxe2 12. Qxe2 Nf8 13. Nf5 Bc7 14. Qg4 g6 15. Nh6+ Kg7 16. Qh4 f5 17. Nxf5+ gxf5 18. Qh6+ Kg8 19. Bg5 f6 20. Bxf6 Qd7 21. Rae1 Qf7 22. Re3 Rxe3 23. fxe3 Qg6 24. Qh4 Re8 25. Rf3 Re4 26. Qh3 Qxf6 27. Rxf5 Qe7 28. Qf3 Ng6 29. Kf2 Nh4 0-1

[Event "Titled Tuesday intern op 16th Apr Early"]
[Site "Chess.com INT"]
[Date "2024.04.16"]
[Round "2"]
[White "Solovjov, Alexandr"]
[Black "Della Morte, German"]
[Result "0-1"]
[WhiteElo "2237"]
[BlackElo "2322"]
[PlyCount "44"]
[EventDate "2024.04.16"]
[EventType "swiss (blitz)"]
[EventRounds "11"]
[EventCountry "USA"]
[SourceTitle "CB17_2024"]
[SourceDate "2024.04.24"]
[SourceVersion "1"]
[SourceVersionDate "2024.04.24"]
[SourceQuality "1"]

1. e4 c6 2. d4 d5 3. Nc3 dxe4 4. Nxe4 Nf6 5. Nxf6+ exf6 6. c3 Bd6 7. Bd3 0-0 8. Qc2 Re8+ 9. Ne2 h6 10. Be3 b5 11. 0-0-0 a5 12. Ng3 a4 13. Kb1 Nd7 14. Nf5 Nf8 15. Rhe1 Be6 16. h4 a3 17. b3 Bd5 18. g4 Ne6 19. Qd2 Bf3 20. Bxh6 Bxd1 21. Bxg7 Bf4 22. Qxd1 Nxg7 0-1

[Event "Titled Tuesday intern op 13th Feb Late"]
[Site "Chess.com INT"]
[Date "2024.02.13"]
[Round "3"]
[White "Della Morte, German"]
[Black "Zavgorodniy, Sergiy"]
[Result "1-0"]
[WhiteElo "2322"]
[BlackElo "2401"]
[PlyCount "155"]
[EventDate "2024.02.13"]
[EventType "swiss (blitz)"]
[EventRounds "11"]
[EventCountry "USA"]
[SourceTitle "CB08_2024"]
[SourceDate "2024.02.21"]
[SourceVersion "1"]
[SourceVersionDate "2024.02.21"]
[SourceQuality "1"]

1. e4 c6 2. Nc3 d5 3. d4 dxe4 4. Nxe4 Bf5 5. Ng3 Bg6 6. Nf3 Nd7 7. Bc4 Ngf6 8. c3 e6 9. 0-0 Be7 10. Re1 0-0 11. Bb3 a5 12. a3 Qc7 13. Bg5 h6 14. Bxf6 Nxf6 15. Ne5 Bh7 16. Nh5 Rad8 17. Qf3 Nxh5 18. Qxh5 Bf6 19. Ng4 Be7 20. Ne5 Bd6 21. Re3 Bxe5 22. Qxe5 Qxe5 23. Rxe5 b6 24. Rae1 Rd6 25. g4 Rfd8 26. f4 Kf8 27. h4 R6d7 28. h5 Rd6 29. Kf2 R6d7 30. Kg3 Rd6 31. Kh4 R6d7 32. g5 Bf5 33. g6 fxg6 34. Bxe6 Bxe6 35. Rxe6 gxh5 36. Rxc6 Rf7 37. Re4 Rb8 38. a4 Rf5 39. c4 Re8 40. Rxe8+ Kxe8 41. Kg3 g5 42. fxg5 hxg5 43. Rxb6 Rf4 44. Rd6 h4+ 45. Kh3 Rf3+ 46. Kg4 Rg3+ 47. Kf5 h3 48. Rh6 g4 49. d5 Rg2 50. Ke6 Re2+ 51. Kd6 h2 52. c5 g3 53. c6 g2 54. c7 Rc2 55. Rxh2 g1Q 56. Rxc2 Qg3+ 57. Kc6 Qg6+ 58. Kb7 Qf7 59. Rc6 Qd7 60. Kb8 Qxd5 61. c8Q+ Kf7 62. Qc7+ Kf8 63. Qd6+ Qxd6+ 64. Rxd6 Ke7 65. Kc7 Ke8 66. Rd5 Ke7 67. Re5+ Kf6 68. Rxa5 Ke6 69. Rc5 Ke7 70. Re5+ Kf6 71. Kd6 Kf7 72. Rf5+ Kg6 73. Ke6 Kg7 74. Rg5+ Kh6 75. Kf6 Kh7 76. Rh5+ Kg8 77. Rh6 Kf8 78. Rh8# 1-0

[Event "Titled Tuesday intern op 13th Feb Late"]
[Site "Chess.com INT"]
[Date "2024.02.13"]
[Round "1"]
[White "Demidov, Mikhail"]
[Black "Della Morte, German"]
[Result "1-0"]
[WhiteElo "2546"]
[BlackElo "2322"]
[PlyCount "65"]
[EventDate "2024.02.13"]
[EventType "swiss (blitz)"]
[EventRounds "11"]
[EventCountry "USA"]
[SourceTitle "CB08_2024"]
[SourceDate "2024.02.21"]
[SourceVersion "1"]
[SourceVersionDate "2024.02.21"]
[SourceQuality "1"]

1. Nf3 Nf6 2. g3 d5 3. Bg2 c6 4. 0-0 Bf5 5. d3 Nbd7 6. Nh4 Bg6 7. Qe1 e6 8. e4 Bc5 9. Nc3 0-0 10. h3 Qc7 11. Kh2 Rfe8 12. f4 Bb6 13. g4 dxe4 14. dxe4 Nf8 15. Qg3 h6 16. Nxg6 Nxg6 17. e5 Nd5 18. Ne4 Rad8 19. a3 a5 20. c4 Nde7 21. c5 Ba7 22. b4 Nd5 23. Rb1 axb4 24. axb4 b6 25. Nd6 Re7 26. Be3 Nxe3 27. Qxe3 bxc5 28. bxc5 Nf8 29. Rfc1 Nd7 30. Rb7 Nxc5 31. Rxc7 Rxc7 32. Rxc5 Rb8 33. Qc3 1-0

[Event "Titled Tuesday intern op 13th Feb Late"]
[Site "Chess.com INT"]
[Date "2024.02.13"]
[Round "5"]
[White "Schmakel, Sam A"]
[Black "Della Morte, German"]
[Result "1-0"]
[WhiteElo "2457"]
[BlackElo "2322"]
[PlyCount "137"]
[EventDate "2024.02.13"]
[EventType "swiss (blitz)"]
[EventRounds "11"]
[EventCountry "USA"]
[SourceTitle "CB08_2024"]
[SourceDate "2024.02.21"]
[SourceVersion "1"]
[SourceVersionDate "2024.02.21"]
[SourceQuality "1"]

1. d4 d5 2. Nf3 c6 3. c4 Nf6 4. Nc3 e6 5. Bg5 Be7 6. e3 0-0 7. Qc2 Nbd7 8. Rc1 b6 9. Bd3 Bb7 10. cxd5 exd5 11. Ne5 h6 12. Bf4 Nxe5 13. Bxe5 Bd6 14. Bxd6 Qxd6 15. 0-0 Rfe8 16. a3 Ng4 17. g3 Re7 18. b4 Rae8 19. Bh7+ Kh8 20. Bf5 Nf6 21. Rfe1 h5 22. Bh3 g6 23. Qb2 h4 24. a4 hxg3 25. hxg3 Kg7 26. b5 c5 27. dxc5 bxc5 28. Bg2 d4 29. Qd2 Bxg2 30. Kxg2 Ne4 31. Nxe4 Rxe4 32. exd4 Rxd4 33. Qxd4+ cxd4 34. Rxe8 d3 35. Rd1 Qd5+ 36. Kg1 Qb3 37. Ree1 Qxa4 38. Rxd3 Qxb5 39. Ra3 a5 40. Rea1 a4 41. Rxa4 Qd5 42. Rf4 Qc5 43. Rb1 Qd5 44. Re1 Qc5 45. Re3 Qc1+ 46. Kg2 Qc6+ 47. Kh2 Qd5 48. Re7 Qh5+ 49. Kg2 Qd5+ 50. Kg1 Qd1+ 51. Kh2 Qh5+ 52. Kg2 Qd5+ 53. f3 Qa2+ 54. Kh3 Qd5 55. Rfxf7+ Qxf7 56. Rxf7+ Kxf7 57. Kg4 Kf6 58. f4 Kf7 59. Kg5 Kg7 60. f5 gxf5 61. Kxf5 Kf7 62. g4 Kg7 63. Kg5 Kh7 64. Kf6 Kg8 65. Kg6 Kh8 66. g5 Kg8 67. Kh6 Kh8 68. g6 Kg8 69. g7 1-0

[Event "Titled Tuesday intern op 23rd Jan Late"]
[Site "Chess.com INT"]
[Date "2024.01.23"]
[Round "3"]
[White "Espinoza Villanueva, Rodrigo"]
[Black "Della Morte, German"]
[Result "1-0"]
[WhiteElo "1928"]
[BlackElo "2322"]
[PlyCount "109"]
[EventDate "2024.01.23"]
[EventType "swiss (blitz)"]
[EventRounds "11"]
[EventCountry "USA"]
[SourceTitle "CB05_2024"]
[SourceDate "2024.01.31"]
[SourceVersion "1"]
[SourceVersionDate "2024.01.31"]
[SourceQuality "1"]

1. e4 e5 2. Nf3 Nc6 3. Bb5 a6 4. Ba4 Nf6 5. 0-0 Be7 6. Re1 b5 7. Bb3 d6 8. c3 0-0 9. h3 Na5 10. Bc2 c5 11. d4 Nd7 12. dxe5 dxe5 13. Nbd2 f6 14. Nf1 Bb7 15. Ng3 Re8 16. Nh4 Bf8 17. a4 Nc4 18. Qg4 Nd6 19. Be3 c4 20. b3 Rc8 21. Rad1 Kh8 22. Qh5 Kg8 23. Qg4 Kh8 24. Ngf5 Nxf5 25. Nxf5 Bc6 26. axb5 axb5 27. Re2 Qc7 28. Red2 Rcd8 29. h4 Nb8 30. h5 Rxd2 31. Rxd2 Rd8 32. Rxd8 Qxd8 33. bxc4 bxc4 34. Qe2 Bb5 35. Qg4 Nc6 36. h6 g6 37. Ng3 Qd6 38. Qc8 Kg8 39. Qb7 Qb8 40. Qd7 Qd6 41. Qb7 Qb8 42. Qd7 Qd6 43. Qg4 Kh8 44. f4 Ba6 45. f5 g5 46. Qh5 Qd7 47. Ba4 Bb7 48. Qe2 Qd3 49. Bb5 Qxe2 50. Nxe2 Na5 51. Ng3 Kg8 52. Bb6 Nb3 53. Bxc4+ Kh8 54. Bxb3 Ba3 55. Kf2 1-0

[Event "Titled Tuesday intern op 06th Jun Late"]
[Site "Chess.com INT"]
[Date "2023.06.06"]
[Round "11"]
[White "Della Morte, German"]
[Black "Zhurbinsky, David J"]
[Result "1-0"]
[WhiteElo "2318"]
[BlackElo "2075"]
[PlyCount "139"]
[EventDate "2023.06.06"]
[EventType "swiss (blitz)"]
[EventRounds "11"]
[EventCountry "USA"]
[SourceTitle "EXT 2024"]
[Source "ChessBase"]
[SourceDate "2023.10.10"]
[SourceVersion "1"]
[SourceVersionDate "2023.10.10"]
[SourceQuality "1"]

1. e4 e5 2. Nf3 Nc6 3. Bb5 a6 4. Ba4 Nf6 5. 0-0 Be7 6. c3 b5 7. Bc2 0-0 8. d4 d6 9. h3 h6 10. Be3 Re8 11. Nbd2 Bf8 12. Re1 g6 13. d5 Nb8 14. a4 Bb7 15. axb5 axb5 16. Rxa8 Bxa8 17. Bd3 c6 18. dxc6 Bxc6 19. Qb3 Qa5 20. Nh4 d5 21. exd5 Nxd5 22. Ne4 Bg7 23. Nd6 Rd8 24. Nxb5 Nxe3 25. Rxe3 Na6 26. Nxg6 Nc5 27. Ne7+ Kf8 28. Qc4 Qxb5 29. Nxc6 Qxc6 30. b4 Rc8 31. bxc5 Qxc5 32. Qxc5+ Rxc5 33. Be4 Ke7 34. g4 Bf6 35. Rd3 Bg5 36. Kg2 Bf4 37. Kf3 Kf6 38. Bd5 Kg7 39. c4 Kf6 40. Rb3 Kg7 41. Rb7 Ra5 42. Rxf7+ Kg6 43. Rf5 Ra1 44. h4 Rd1 45. h5+ Kg7 46. Rxf4 exf4 47. Kxf4 Kf6 48. Ke4 Re1+ 49. Kf4 Rc1 50. f3 Rc3 51. Ke4 Kg5 52. Kd4 Rc1 53. c5 Kf6 54. f4 Rg1 55. Bf3 Rg3 56. Ke4 Rg1 57. c6 Rc1 58. Kd4 Ke6 59. g5 hxg5 60. fxg5 Rf1 61. Be4 Kd6 62. h6 Rf4 63. h7 Rh4 64. g6 Ke7 65. g7 Kf6 66. g8Q Rxe4+ 67. Kxe4 Ke7 68. h8Q Kd6 69. Qd5+ Ke7 70. Qhd8# 1-0

[Event "ARG-ch sf 98th"]
[Site "Buenos Aires"]
[Date "2023.05.03"]
[Round "5"]
[White "Della Morte, German"]
[Black "Fiorito, Joaquin"]
[Result "1-0"]
[WhiteElo "2339"]
[BlackElo "2366"]
[PlyCount "77"]
[EventDate "2023.04.29"]
[EventType "swiss"]
[EventRounds "9"]
[EventCountry "ARG"]
[SourceTitle "CBM 214 Extra"]
[Source "ChessBase"]
[SourceDate "2023.07.31"]
[SourceVersion "1"]
[SourceVersionDate "2023.07.31"]
[SourceQuality "1"]

1. e4 c6 2. d4 d5 3. e5 Bf5 4. h4 h5 5. Bd3 Bxd3 6. Qxd3 Qa5+ 7. Nd2 e6 8. Ngf3 Nh6 9. 0-0 Nf5 10. Nb3 Qa6 11. Qd1 b6 12. Bg5 c5 13. dxc5 Bxc5 14. Nxc5 bxc5 15. Re1 Nc6 16. b3 Ncd4 17. c3 Nxf3+ 18. Qxf3 Rc8 19. Rad1 Qxa2 20. Rxd5 Qxb3 21. Rd3 0-0 22. Qxh5 Qc2 23. Rf3 Rb8 24. Qg4 Kh7 25. Bf6 Rg8 26. Bg5 Rgf8 27. Kh2 a5 28. Re4 Qd1 29. Ref4 Rb1 30. Rxf5 exf5 31. Qxf5+ g6 32. Qe4 Kg8 33. Rf6 Qe1 34. Qd5 Kg7 35. e6 Rd1 36. Qf3 Re8 37. Rxf7+ Kg8 38. Rg7+ Kh8 39. Rh7+ 1-0

[Event "Vicente Lopez ProAm 100 Years op"]
[Site "Buenos Aires"]
[Date "2022.10.18"]
[Round "9"]
[White "Della Morte, German"]
[Black "Aranda, Juan Manuel"]
[Result "1-0"]
[WhiteElo "2348"]
[BlackElo "2162"]
[PlyCount "119"]
[EventDate "2022.10.11"]
[EventType "swiss"]
[EventRounds "9"]
[EventCountry "ARG"]
[SourceTitle "CBM 210 Extra"]
[Source "ChessBase"]
[SourceDate "2022.11.30"]
[SourceVersion "1"]
[SourceVersionDate "2022.11.30"]
[SourceQuality "1"]

1. e4 d6 2. d4 Nf6 3. Nc3 e5 4. dxe5 dxe5 5. Qxd8+ Kxd8 6. Nf3 Bd6 7. Be3 c6 8. 0-0-0 Ke7 9. h3 Be6 10. Ng5 Nbd7 11. f3 Bc5 12. Bd2 b5 13. f4 h6 14. Nf3 exf4 15. Bxf4 g5 16. Bh2 b4 17. Na4 Be3+ 18. Kb1 Nb6 19. Bd6+ Ke8 20. Be5 Ke7 21. Bd6+ Ke8 22. Nc5 Bxc5 23. Bxc5 Nxe4 24. Bd4 Ng3 25. Bxh8 Nxh1 26. Ba6 Nf2 27. Re1 Rd8 28. Bd4 g4 29. hxg4 Nxg4 30. Bc5 Nd5 31. Nd4 Kd7 32. Bb7 Kc7 33. Bxc6 Nge3 34. Bb5 Bd7 35. Bxb4 Bxb5 36. Ba5+ Nb6 37. Nxb5+ Kb7 38. g3 Nf5 39. g4 Ne3 40. Bb4 Nxg4 41. b3 Rd7 42. c4 a6 43. Nd6+ Kc6 44. Nf5 h5 45. Rh1 Nxc4 46. Rc1 Nge5 47. Be1 Rb7 48. Ne3 Kd7 49. Nxc4 Nf3 50. Bf2 f6 51. Rd1+ Ke7 52. Bc5+ Ke6 53. Rd6+ Kf5 54. Rxa6 h4 55. Nd6+ Kg5 56. Nxb7 h3 57. Bd6 f5 58. Ra8 Kg4 59. Rg8+ Ng5 60. Be7 1-0

[Event "Vicente Lopez ProAm 100 Years op"]
[Site "Buenos Aires"]
[Date "2022.10.17"]
[Round "8"]
[White "Marrujo Pardo, Mauricio Emmanuel"]
[Black "Della Morte, German"]
[Result "1/2-1/2"]
[WhiteElo "2143"]
[BlackElo "2348"]
[PlyCount "116"]
[EventDate "2022.10.11"]
[EventType "swiss"]
[EventRounds "9"]
[EventCountry "ARG"]
[SourceTitle "CBM 210 Extra"]
[Source "ChessBase"]
[SourceDate "2022.11.30"]
[SourceVersion "1"]
[SourceVersionDate "2022.11.30"]
[SourceQuality "1"]

1. e4 e5 2. Nf3 Nc6 3. Bc4 Bc5 4. c3 Nf6 5. d3 a5 6. 0-0 d6 7. Nbd2 0-0 8. Bb3 Be6 9. Re1 Bxb3 10. Nxb3 Bb6 11. Be3 Bxe3 12. fxe3 a4 13. Nbd2 Re8 14. d4 d5 15. exd5 Qxd5 16. e4 Qb5 17. Qc2 exd4 18. Nxd4 Qc5 19. N2f3 Nxd4 20. Nxd4 a3 21. b3 Re5 22. Re2 Rae8 23. Rae1 Qe7 24. Nf5 Qe6 25. Nd4 Qg4 26. h3 Qg6 27. Nf5 h5 28. Nh4 Qh7 29. Nf3 Rxe4 30. Rxe4 Rxe4 31. Rxe4 Qxe4 32. Qc1 Nd5 33. Qxa3 Qe2 34. Qa8+ Kh7 35. Qxb7 Ne3 36. Ng5+ Kg6 37. Nxf7 Qe1+ 38. Kh2 Nf1+ 39. Kh1 Ng3+ 40. Kh2 h4 41. Qc6+ Kxf7 42. Qxc7+ Kg6 43. Qb6+ Kh7 44. Qg1 Qxc3 45. Qb1+ g6 46. b4 Nf5 47. b5 Qg7 48. Kh1 Ne3 49. Qg1 Qe5 50. b6 Nd5 51. b7 Nf4 52. Qb1 Qe2 53. Qg1 Qe5 54. Qa7 Qe1+ 55. Qg1 Qb4 56. Qa7 Qe1+ 57. Qg1 Qb4 58. Qa7 Qe1+ 1/2-1/2

[Event "Vicente Lopez ProAm 100 Years op"]
[Site "Buenos Aires"]
[Date "2022.10.16"]
[Round "7"]
[White "Della Morte, German"]
[Black "Villarreal, Agustin"]
[Result "0-1"]
[WhiteElo "2348"]
[BlackElo "2290"]
[PlyCount "70"]
[EventDate "2022.10.11"]
[EventType "swiss"]
[EventRounds "9"]
[EventCountry "ARG"]
[SourceTitle "CBM 210 Extra"]
[Source "ChessBase"]
[SourceDate "2022.11.30"]
[SourceVersion "1"]
[SourceVersionDate "2022.11.30"]
[SourceQuality "1"]

1. e4 e5 2. Nf3 Nc6 3. Bc4 Nf6 4. d3 h6 5. 0-0 d6 6. c3 g6 7. Nbd2 Bg7 8. Re1 0-0 9. h3 a6 10. Bb3 Kh8 11. d4 Nh5 12. Nc4 Qe8 13. Ne3 Bd7 14. Nd5 Qd8 15. g4 Nf6 16. Nxf6 Qxf6 17. g5 Qe7 18. gxh6 Bf6 19. Kg2 g5 20. dxe5 Bxe5 21. Nxg5 f6 22. Nf3 d5 23. exd5 Rg8+ 24. Kh1 Bxh3 25. Ng5 fxg5 26. dxc6 Qf6 27. Qd5 Rge8 28. Be3 Rad8 29. Qe4 Qxh6 30. Bxg5 Qxg5 31. Bf7 Qh6 32. Qg6 Qh4 33. Re4 Bg4+ 34. Kg1 Qh2+ 35. Kf1 Qh1# 0-1

[Event "Vicente Lopez ProAm 100 Years op"]
[Site "Buenos Aires"]
[Date "2022.10.15"]
[Round "5"]
[White "Della Morte, German"]
[Black "Brizzi, Milagros Tatiana"]
[Result "1-0"]
[WhiteElo "2348"]
[BlackElo "2004"]
[PlyCount "49"]
[EventDate "2022.10.11"]
[EventType "swiss"]
[EventRounds "9"]
[EventCountry "ARG"]
[SourceTitle "CBM 210 Extra"]
[Source "ChessBase"]
[SourceDate "2022.11.30"]
[SourceVersion "1"]
[SourceVersionDate "2022.11.30"]
[SourceQuality "1"]

1. e4 c6 2. d4 d5 3. e5 Bf5 4. h4 h5 5. Bd3 Bxd3 6. Qxd3 e6 7. Bg5 Be7 8. Nf3 Nh6 9. c4 dxc4 10. Qxc4 Nf5 11. Nc3 Nd7 12. Rd1 Nb6 13. Qb3 0-0 14. Rd2 Qc7 15. 0-0 Rfd8 16. Ne4 Rd5 17. Rc1 Rad8 18. Qd1 Nc8 19. Nc3 R5d7 20. d5 exd5 21. Nxd5 Bxg5 22. hxg5 Rxd5 23. Rxd5 Re8 24. Rd7 Qb8 25. Rd8 1-0

[Event "ARG-chT"]
[Site "Villa Martelli"]
[Date "2022.08.28"]
[Round "4.7"]
[White "Della Morte, German"]
[Black "Cumpe, Lucas"]
[Result "1/2-1/2"]
[WhiteElo "2351"]
[BlackElo "2187"]
[PlyCount "62"]
[EventDate "2022.08.26"]
[EventType "team-swiss"]
[EventRounds "8"]
[EventCountry "ARG"]
[SourceTitle "EXT 2023"]
[Source "ChessBase"]
[SourceDate "2022.10.05"]
[SourceVersion "1"]
[SourceVersionDate "2022.10.05"]
[SourceQuality "1"]
[WhiteTeam "Ventajedrez Plastigal"]
[BlackTeam "Villa del Parque CC"]
[WhiteTeamCountry "ARG"]
[BlackTeamCountry "ARG"]

1. e4 c6 2. d4 d5 3. e5 Bf5 4. h4 h5 5. c4 e6 6. Nc3 Nd7 7. Nge2 dxc4 8. Ng3 Bg6 9. Bxc4 Qb6 10. 0-0 Rd8 11. Re1 Be7 12. Bf4 Qxb2 13. Nce4 Nb6 14. Bb3 Qxd4 15. Qf3 Nd5 16. Rad1 Qb4 17. a3 Qxa3 18. Bd2 Nh6 19. Ra1 Qb2 20. Rxa7 Nf5 21. Rxb7 Nxg3 22. Bxd5 Qxb7 23. Bxc6+ Qxc6 24. Nf6+ gxf6 25. Qxc6+ Kf8 26. exf6 Bxf6 27. Bb4+ Kg7 28. fxg3 Rc8 29. Qf3 Rc2 30. Re2 Rc1+ 31. Re1 Rxe1+ 1/2-1/2

[Event "ARG-chT"]
[Site "Villa Martelli"]
[Date "2022.08.27"]
[Round "3.6"]
[White "Della Morte, German"]
[Black "Acosta, Pablo Ismael"]
[Result "0-1"]
[WhiteElo "2351"]
[BlackElo "2455"]
[PlyCount "102"]
[EventDate "2022.08.26"]
[EventType "team-swiss"]
[EventRounds "8"]
[EventCountry "ARG"]
[SourceTitle "EXT 2023"]
[Source "ChessBase"]
[SourceDate "2022.10.05"]
[SourceVersion "1"]
[SourceVersionDate "2022.10.05"]
[SourceQuality "1"]
[WhiteTeam "Ventajedrez Plastigal"]
[BlackTeam "Scacchi Biferno"]
[WhiteTeamCountry "ARG"]
[BlackTeamCountry "ARG"]

1. e4 e6 2. d4 d5 3. Nd2 c5 4. Ngf3 cxd4 5. exd5 Qxd5 6. Bc4 Qd6 7. 0-0 Nf6 8. Nb3 Nc6 9. Nbxd4 Nxd4 10. Nxd4 Be7 11. c3 0-0 12. Qf3 Qc7 13. Bd3 Bd7 14. Re1 Bd6 15. Bg5 Nd5 16. g3 Qc5 17. Qh5 g6 18. Qh4 Rfe8 19. Nf3 f6 20. Bh6 Bf8 21. Bxf8 Qxf8 22. Bc4 Nb6 23. Rad1 Kg7 24. Bb3 Rad8 25. a4 e5 26. a5 Nc8 27. Ba4 Re7 28. Bxd7 Rexd7 29. Qa4 Rd6 30. Qb3 R8d7 31. Kg2 a6 32. Rxd6 Qxd6 33. Re4 Ne7 34. Rb4 Qc7 35. Qe6 Qc6 36. Qg4 Nf5 37. Qe4 Ne7 38. Qg4 Nd5 39. Rc4 f5 40. Qh4 Nf4+ 41. gxf4 Qxc4 42. Nxe5 Qd5+ 43. Kg3 Rc7 44. Qg5 Qd1 45. Kg2 Qd5+ 46. Kg3 Qxa5 47. h4 Qb6 48. h5 h6 49. Qh4 Qf6 50. Qh1 g5 51. Qd5 gxf4+ 0-1

[Event "ARG-chT"]
[Site "Villa Martelli"]
[Date "2022.08.26"]
[Round "1.5"]
[White "Martinez de Negri, Agustin Gonzalo"]
[Black "Della Morte, German"]
[Result "0-1"]
[WhiteElo "2241"]
[BlackElo "2351"]
[PlyCount "146"]
[EventDate "2022.08.26"]
[EventType "team-swiss"]
[EventRounds "8"]
[EventCountry "ARG"]
[SourceTitle "EXT 2023"]
[Source "ChessBase"]
[SourceDate "2022.10.05"]
[SourceVersion "1"]
[SourceVersionDate "2022.10.05"]
[SourceQuality "1"]
[WhiteTeam "Quilmes"]
[BlackTeam "Ventajedrez Plastigal"]
[WhiteTeamCountry "ARG"]
[BlackTeamCountry "ARG"]

1. e4 e5 2. Nc3 Nf6 3. Nf3 Nc6 4. a3 g6 5. d4 exd4 6. Nxd4 Bg7 7. Nxc6 bxc6 8. Bg5 0-0 9. Bd3 Rb8 10. Qc1 Qe8 11. 0-0 d6 12. Re1 Nd7 13. Rb1 Ne5 14. Qe3 Rb7 15. h3 Nxd3 16. cxd3 Be6 17. Bh6 Qb8 18. Bxg7 Kxg7 19. Qd4+ Kg8 20. b4 Qd8 21. Rbc1 Qg5 22. Rc2 Bxh3 23. f4 Qh4 24. Rf1 Bd7 25. e5 Bf5 26. Ne4 Bxe4 27. dxe4 dxe5 28. Qxe5 Rb5 29. Rc5 Qg3 30. Rf3 Qe1+ 31. Kh2 a6 32. f5 Qh4+ 33. Rh3 Qd8 34. Qf4 Qf6 35. Qxc7 Rxc5 36. bxc5 Re8 37. Qd6 Qe5+ 38. Rg3 Qxe4 39. f6 h5 40. Qc7 Qh4+ 41. Kg1 Qxf6 42. Rf3 Qe6 43. Qf4 Qe1+ 44. Kh2 Qe5 45. Kg3 Kg7 46. Kh3 Qxf4 47. Rxf4 Re3+ 48. Kh2 Rxa3 49. Rb4 Rc3 50. Rb6 Rxc5 51. Rxa6 Kh6 52. Ra7 Rf5 53. Rc7 c5 54. Rc6 Kg5 55. Kg3 Kh6 56. Kh4 Kg7 57. Kh3 Kf8 58. g4 Rf3+ 59. Kh4 Rf4 60. Rxc5 Rxg4+ 61. Kh3 Kg7 62. Rc6 Rb4 63. Kg3 f5 64. Ra6 Kh6 65. Ra3 Kg5 66. Kh3 Kf4 67. Kh4 Ke4 68. Kg5 f4 69. Ra8 f3 70. Kxg6 f2 71. Rf8 Ke3 72. Kg5 Rg4+ 73. Kxh5 Rf4 0-1

[Event "Titled Tuesday intern op 19th Jul Early"]
[Site "Chess.com INT"]
[Date "2022.07.19"]
[Round "5"]
[White "Hess, Robert L"]
[Black "Della Morte, German"]
[Result "1-0"]
[WhiteElo "2591"]
[BlackElo "2351"]
[PlyCount "73"]
[EventDate "2022.07.19"]
[EventType "swiss (blitz)"]
[EventRounds "11"]
[EventCountry "USA"]
[SourceTitle "EXT 2023"]
[Source "ChessBase"]
[SourceDate "2022.10.05"]
[SourceVersion "1"]
[SourceVersionDate "2022.10.05"]
[SourceQuality "1"]

1. b3 d5 2. Bb2 Bf5 3. d3 e6 4. Nd2 Nf6 5. h3 Be7 6. Ngf3 h6 7. g4 Bg6 8. Rg1 c5 9. g5 hxg5 10. Nxg5 Qd7 11. Ndf3 Nc6 12. c4 d4 13. Qd2 e5 14. 0-0-0 0-0-0 15. a3 Kb8 16. Kb1 e4 17. dxe4 Nxe4 18. Nxe4 Bxe4+ 19. Ka2 Bg6 20. Bg2 Ka8 21. e3 Bf6 22. exd4 cxd4 23. Ng5 d3 24. Bxf6 gxf6 25. Ne4 Qd4 26. Nc3 Rhe8 27. Rge1 Re5 28. Nd5 Kb8 29. f4 Rxe1 30. Rxe1 Bf5 31. Ne3 Bc8 32. Nd5 Be6 33. Nc3 Rg8 34. Nb5 Qd6 35. Bxc6 bxc6 36. Nxd6 Rd8 37. c5 1-0

[Event "Titled Tuesday intern op 05th Jul Late"]
[Site "Chess.com INT"]
[Date "2022.07.05"]
[Round "2"]
[White "Della Morte, German"]
[Black "Rostovtsev, Dmitry"]
[Result "0-1"]
[WhiteElo "2351"]
[BlackElo "2302"]
[PlyCount "50"]
[EventDate "2022.07.05"]
[EventType "swiss (blitz)"]
[EventRounds "11"]
[EventCountry "USA"]
[SourceTitle "CBM 209 Extra"]
[Source "ChessBase"]
[SourceDate "2022.09.30"]
[SourceVersion "1"]
[SourceVersionDate "2022.09.30"]
[SourceQuality "1"]

1. e4 e5 2. Nf3 Nc6 3. Bc4 Bc5 4. 0-0 Nf6 5. d3 d6 6. a4 a6 7. c3 0-0 8. h3 h6 9. Re1 Nh5 10. Nxe5 Qh4 11. d4 Nxe5 12. Be2 Bxh3 13. Bxh5 Bg4 14. Bxg4 Nxg4 15. Qf3 Ba7 16. Bf4 f5 17. e5 dxe5 18. Bxe5 Rae8 19. Nd2 f4 20. Nf1 Rf5 21. Bxc7 Rxe1 22. Rxe1 Rh5 23. Qh3 Qxf2+ 24. Kh1 Rxh3+ 25. gxh3 Qxe1 0-1